<?xml version="1.0" encoding="UTF-8"?><?xml-stylesheet type="text/xsl" href="static/style.xsl"?><OAI-PMH xmlns="http://www.openarchives.org/OAI/2.0/" xmlns:xsi="http://www.w3.org/2001/XMLSchema-instance" xsi:schemaLocation="http://www.openarchives.org/OAI/2.0/ http://www.openarchives.org/OAI/2.0/OAI-PMH.xsd"><responseDate>2026-06-29T09:34:03Z</responseDate><request verb="GetRecord" identifier="oai:docta.ucm.es:20.500.14352/71372" metadataPrefix="marc">https://docta.ucm.es/rest/oai/request</request><GetRecord><record><header><identifier>oai:docta.ucm.es:20.500.14352/71372</identifier><datestamp>2024-07-08T13:17:16Z</datestamp><setSpec>com_20.500.14352_14</setSpec><setSpec>col_20.500.14352_15</setSpec></header><metadata><record xmlns="http://www.loc.gov/MARC21/slim" xmlns:dcterms="http://purl.org/dc/terms/" xmlns:xsi="http://www.w3.org/2001/XMLSchema-instance" xmlns:doc="http://www.lyncode.com/xoai" xsi:schemaLocation="http://www.loc.gov/MARC21/slim http://www.loc.gov/standards/marcxml/schema/MARC21slim.xsd">
   <leader>00925njm 22002777a 4500</leader>
   <datafield ind2=" " ind1=" " tag="042">
      <subfield code="a">dc</subfield>
   </datafield>
   <datafield ind2=" " ind1=" " tag="720">
      <subfield code="a">Bhayani, Raj</subfield>
      <subfield code="e">author</subfield>
   </datafield>
   <datafield ind2=" " ind1=" " tag="720">
      <subfield code="a">Martínez De La Casa Fernández-Borrella, José María</subfield>
      <subfield code="e">author</subfield>
   </datafield>
   <datafield ind2=" " ind1=" " tag="720">
      <subfield code="a">Figus, Michele</subfield>
      <subfield code="e">author</subfield>
   </datafield>
   <datafield ind2=" " ind1=" " tag="720">
      <subfield code="a">Klabe, Karsten</subfield>
      <subfield code="e">author</subfield>
   </datafield>
   <datafield ind2=" " ind1=" " tag="720">
      <subfield code="a">Rabiolo, Alessandro</subfield>
      <subfield code="e">author</subfield>
   </datafield>
   <datafield ind2=" " ind1=" " tag="720">
      <subfield code="a">Mercieca, Karl</subfield>
      <subfield code="e">author</subfield>
   </datafield>
   <datafield ind2=" " ind1=" " tag="260">
      <subfield code="c">2022-03-12</subfield>
   </datafield>
   <datafield ind2=" " ind1=" " tag="520">
      <subfield code="a">To evaluate 1-year success rates and safety profile of Preserflo™ Microshunt in glaucoma patients.Retrospective multicentre cohort study of 100 consecutive eyes (91 patients) from four tertiary-referral glaucoma centres. Four intraocular pressure (IOP) criteria were defined: A: IOP ≤ 21 mmHg+IOP reduction ≥20% from baseline; B: IOP ≤ 18 mmHg+IOP reduction ≥20%; C: IOP ≤ 15 mmHg+IOP reduction ≥25%; D: IOP≤12 mmHg+IOP reduction ≥30%. Success was defined as qualified or complete based on whether reached with or without medication. Primary outcome was success according to the above criteria. Secondary outcomes included: IOP, best-corrected visual acuity (BCVA), medication use, complications, postoperative interventions, and failure-associated factors.Qualified and complete success rates (95% CI) at 12 months were 74%(66-83%) and 58%(49-69%) for criterion A, 72%(63-82%) and 57%(48-68%) for B, 52%(43-63%) and 47%(38-58%) for C, 29%(21-40%) and 26%(19-36%) for D. Overall median (interquartile range (IQR)) preoperative IOP decreased from 21.5(19-28) mmHg to 13(11-16) mmHg at 12 months. BCVA was not significantly different up to 12 months (p = 0.79). Preoperative median (IQR) number of medications decreased from 3 (2-3) to 0 (0-1) at 12 months. Twelve eyes underwent needling, five surgical revision and one device removal due to corneal oedema. There were no hypotony-related complications. Non-Caucasian ethnicity was the only risk factor consistently associated with increased failure.Preserflo™ Microshunt is a viable surgical option in glaucoma patients, with reasonable short-term success rates, decreased medications use, excellent safety profile, smooth postoperative care, and rapid learning curve. Success rates for the most stringent IOP cutoffs were modest, indicating that it may not be the optimal surgery when very low target IOP is required</subfield>
   </datafield>
   <datafield ind1="8" ind2=" " tag="024">
      <subfield code="a">Bhayani, R., Martínez De La Casa Fernández-Borrella, J. M., Figus, M. et al. «Short-Term Safety and Efficacy of PreserfloTM Microshunt in Glaucoma Patients: A Multicentre Retrospective Cohort Study». Eye, vol. 37, n.o 4, marzo de 2023, pp. 644-49. DOI.org (Crossref), https://doi.org/10.1038/s41433-022-01995-7.</subfield>
   </datafield>
   <datafield ind1="8" ind2=" " tag="024">
      <subfield code="a">0950-222X</subfield>
   </datafield>
   <datafield ind1="8" ind2=" " tag="024">
      <subfield code="a">10.1038/s41433-022-01995-7</subfield>
   </datafield>
   <datafield ind1="8" ind2=" " tag="024">
      <subfield code="a">https://hdl.handle.net/20.500.14352/71372</subfield>
   </datafield>
   <datafield ind1="8" ind2=" " tag="024">
      <subfield code="a">https://doi.org/10.1038/s41433-022-01995-7</subfield>
   </datafield>
   <datafield ind1="8" ind2=" " tag="024">
      <subfield code="a">https://www.nature.com/articles/s41433-022-01995-7#citeas</subfield>
   </datafield>
   <datafield ind2="0" ind1="0" tag="245">
      <subfield code="a">Short-term safety and efficacy of Preserflo™ Microshunt in glaucoma patients: a multicentre retrospective cohort study</subfield>
   </datafield>
</record></metadata></record></GetRecord></OAI-PMH>